[Event "BL2-N9394"]
[Site "Germany"]
[Date "1994.??.??"]
[Round "?"]
[White "Giemsa, Stephan"]
[Black "Thiede, Lars"]
[Result "1-0"]
[WhiteElo "2295"]
[BlackElo "2280"]

1.Nf3 Nf6 2.c4 g6 3.Nc3 Bg7 4.e4 d6 5.d4 O-O 6.Be2 e5 7.O-O Nc6 8.d5 Ne7
9.Nd2 c5 10.Rb1 Bh6 11.a3 Ne8 12.b4 b6 13.Nb3 Bxc1 14.Qxc1 Kg7 15.f4 f6 16.fxe5 fxe5
17.Rxf8 Kxf8 18.Qh6+ Kg8 19.Rf1 Ng7 20.Nd2 cxb4 21.axb4 a5 22.b5 Qc7 23.Nf3 Qc5+
24.Kh1 Nef5 25.exf5 Nxf5 26.Qg5 Bb7 27.Ne4 Qc7 28.Nh4 Nxh4 29.Qxh4 a4 30.Qf6 a3
31.Nxd6 a2 32.Nf7  1-0

[Event "BL2-N9394"]
[Site "Germany"]
[Date "1994.??.??"]
[Round "?"]
[White "Pekarek, Ales"]
[Black "Behnk, Rolf"]
[Result "1-0"]
[WhiteElo "2415"]
[BlackElo "2320"]

1.d4 Nf6 2.Nf3 g6 3.c4 Bg7 4.Nc3 O-O 5.e4 d6 6.Be2 e5 7.O-O Nc6 8.d5 Ne7
9.Nd2 Ne8 10.b4 f5 11.c5 Rf7 12.a4 Nf6 13.Ba3 fxe4 14.Ndxe4 Nxe4 15.Nxe4 Nf5
16.cxd6 cxd6 17.b5 Bf8 18.Bg4 Nd4 19.Bxc8 Rxc8 20.Rc1 Rxc1 21.Bxc1 Qc8 22.Qd3 Rc7
23.Be3 Bg7 24.a5 Qf5 25.f3 b6 26.axb6 axb6 27.Ra1 h6 28.Rc1 Rxc1+ 29.Bxc1 Qc8
30.Be3 Qa8 31.Qc4 Qa1+ 32.Kf2 Qb2+ 33.Bd2 g5 34.Qb4 Qc2 35.Qc3 Qxc3 36.Nxc3 Kf7
37.Be3 Nf5 38.Ne4 Nd4 39.Bxd4 exd4 40.Nxd6+ Ke7  1-0

[Event "BL2-S9394"]
[Site "Germany"]
[Date "1994.??.??"]
[Round "?"]
[White "Kindl, Peter"]
[Black "Mandel, Andreas"]
[Result "1/2-1/2"]
[WhiteElo "2340"]
[BlackElo "2370"]

1.d4 Nf6 2.Nf3 g6 3.c4 Bg7 4.Nc3 O-O 5.e4 d6 6.Be2 e5 7.O-O Nc6 8.d5 Ne7
9.b4 a5 10.Ba3 axb4 11.Bxb4 b6 12.a4 Ne8 13.a5 c5 14.dxc6 bxa5 15.Nb5 Nxc6
16.Bxd6 Nxd6 17.Qxd6 Qxd6 18.Nxd6 Bg4 19.Rfb1 Rfb8 20.c5 Bf8 21.Bc4 Bxd6  1/2-1/2

[Event "BL9394 (Women)"]
[Site "Germany"]
[Date "1994.??.??"]
[Round "?"]
[White "Goehler, Antje"]
[Black "Mueller, Andrea"]
[Result "1-0"]
[WhiteElo "2175"]
[BlackElo "2100"]

1.d4 Nf6 2.c4 g6 3.Nc3 Bg7 4.e4 d6 5.Be2 O-O 6.Nf3 e5 7.O-O Nc6 8.d5 Ne7
9.Ne1 Ne8 10.Be3 f5 11.f3 f4 12.Bf2 g5 13.b4 h5 14.c5 Rf7 15.Rc1 Bf8 16.cxd6 cxd6
17.Nb5 Rg7 18.g4 fxg3 19.hxg3 Ng6 20.Ng2 a6 21.Nc3 Bd7 22.Na4 Bxa4 23.Qxa4 Nf6
24.Ne3 g4 25.Nf5 Rh7 26.Kg2 h4 27.Qc2 gxf3+ 28.Bxf3 hxg3 29.Bxg3 Ne8 30.Qd2 Be7
31.Nxe7+ Qxe7 32.Rh1 Nh4+ 33.Bxh4 Rxh4 34.Rxh4 Qxh4 35.Rh1 Qf6 36.Bg4 Qg7
37.Kf3 Qf6+ 38.Bf5 Ng7 39.Rh6 Qf7 40.Qg5 Re8 41.Kg4  1-0

[Event "Oberliga Nord W9394"]
[Site "Germany"]
[Date "1994.??.??"]
[Round "?"]
[White "Danschczyk, Christian"]
[Black "Sawatzki, Frank"]
[Result "0-1"]
[WhiteElo "2305"]
[BlackElo "2240"]

1.d4 Nf6 2.c4 g6 3.Nc3 Bg7 4.e4 d6 5.Nf3 O-O 6.Be2 e5 7.O-O Nc6 8.d5 Ne7
9.b4 Nh5 10.c5 Nf4 11.Bxf4 exf4 12.Rc1 h6 13.Nd2 a6 14.Nc4 f5 15.cxd6 cxd6
16.Bd3 fxe4 17.Bxe4 Bf5 18.Bf3 Rc8 19.Ne4 Bxe4 20.Bxe4 Nf5 21.Qd3 Qg5 22.Bf3 h5
23.Na5 Rxc1 24.Rxc1 Qe7 25.Be4 f3 26.Bxf3 Bd4 27.Nb3 Bb6 28.Rf1 Nh4 29.Be4 Qf6
30.Qg3 Re8 31.Bd3 Re5 32.Nd2 Qe7 33.Nf3 Nxf3+ 34.Qxf3 Kg7 35.g3 Qf6 36.Qxf6+ Kxf6
37.Bc4 Re4 38.Rc1 Rd4 39.Kg2 Rd2 40.Rf1 g5 41.Bb3 g4 42.h3 Kf5 43.hxg4+ hxg4
44.Kg1 Rb2 45.Kg2 Bd4 46.b5 a5 47.Bc4 a4 48.Kh1 Ke4 49.Kg2 Bc5 50.Re1+ Kd4
51.Rc1 b6 52.Kf1 Rb4 53.Be2 Kxd5 54.Rc2 a3 55.Ke1 Rb1+ 56.Kd2 Bxf2 57.Bxg4 Rxb5
58.Be2 Rb1 59.g4 Bh4 60.Kd3 b5 61.Bf3+ Ke5 62.Bc6 b4 63.Re2+ Kf4 64.Bd7 Bf6
65.Rf2+ Kg3 66.Rxf6 b3 67.Be6 b2 68.Bf5 Rf1  0-1

[Event "Oberliga Nord W9394"]
[Site "Germany"]
[Date "1994.??.??"]
[Round "?"]
[White "Blecken, Volker"]
[Black "Danschczyk, Christian"]
[Result "0-1"]
[WhiteElo "2215"]
[BlackElo "2305"]

1.d4 Nf6 2.Nf3 g6 3.c4 Bg7 4.Nc3 O-O 5.e4 d6 6.Be2 e5 7.O-O Nc6 8.Be3 Re8
9.dxe5 dxe5 10.Qxd8 Nxd8 11.Nb5 Ne6 12.Ng5 Re7 13.Rfd1 b6 14.Nxe6 Bxe6 15.f3 c6
16.Nc3 Rd7 17.a4 Rb8 18.Rxd7 Nxd7 19.Nd5 Bf8 20.Nc7 Bc5 21.Kf2 Bxe3+ 22.Kxe3 Nc5
23.b4 Nb3 24.Rd1 Nd4 25.Nxe6 Nxe6 26.g3 Nd4 27.Bd3 Kf8 28.f4 f6 29.Ra1 a5
30.Rb1 axb4 31.Rxb4 c5 32.Rb2 Nc6 33.Bf1 Ke7 34.Bh3 Na5 35.Bf1 Nc6 36.Bh3 Nb4
37.Rd2 Rd8 38.fxe5 fxe5 39.Rxd8 Kxd8 40.Be6 Ke7 41.Bd5 Kf6 42.Kd2 h6 43.h4 g5
44.Ke2 Kg6 45.Kf3 gxh4 46.gxh4 Nd3 47.Bc6 h5 48.Ke3 Nf4 49.Be8+ Kf6 50.Kf3 Ke7
51.Bxh5 Nxh5 52.Kg4 Nf4 53.Kf5 Nd3 54.h5 Kf7 55.h6 Kg8 56.Ke6 Kh7 57.Kd6 Nb2
58.Kxe5 Nxc4+ 59.Kf4 Kxh6 60.e5 Kg6 61.Ke4 Nb2 62.a5 bxa5  0-1

[Event "Oberliga Nord O9394"]
[Site "Germany"]
[Date "1994.??.??"]
[Round "?"]
[White "Baumbach, Friedrich"]
[Black "Knuth, Hannes"]
[Result "0-1"]
[WhiteElo "2345"]
[BlackElo "2360"]

1.d4 Nf6 2.c4 g6 3.Nc3 Bg7 4.e4 d6 5.Nf3 O-O 6.Be2 e5 7.O-O Nc6 8.d5 Ne7
9.b4 Nh5 10.c5 Nf4 11.Bxf4 exf4 12.Rc1 h6 13.Nd2 g5 14.Nc4 Ng6 15.cxd6 cxd6
16.Nb5 a6 17.Nd4 Ne5 18.Qd2 Qf6 19.Nb6 Rb8 20.Nxc8 Rbxc8 21.Rxc8 Rxc8 22.Rc1 Nc4
23.Rxc4 Rxc4 24.Bxc4 Qxd4 25.Qxd4 Bxd4 26.Kf1 b5 27.Bb3 Bc3 28.a3 Kg7 29.Ke2 Kf6
30.Kd3 Be1 31.Ke2 Bc3 32.Kd3 Bb2 33.a4 Ke5 34.axb5 axb5 35.Bd1 Ba3 36.Bg4 Bxb4
37.Bd7 Bc5 38.Bxb5 Bxf2 39.Bd7 h5 40.h3 Bc5 41.Bf5 g4 42.Ke2 f3+ 43.gxf3 gxh3
44.Bxh3 Kf4 45.Bg2 h4 46.Kf1 Kg3 47.f4 Kxf4 48.Bh3 Kg3  0-1

[Event "BL2-S9394"]
[Site "Germany"]
[Date "1994.??.??"]
[Round "?"]
[White "Petrosian, Karen"]
[Black "Pfrommer, Christoph"]
[Result "1-0"]
[WhiteElo "2405"]
[BlackElo "2300"]

1.d4 Nf6 2.c4 g6 3.Nc3 Bg7 4.e4 d6 5.Nf3 O-O 6.Be2 e5 7.O-O Nc6 8.d5 Ne7
9.Ne1 Ne8 10.f3 f5 11.g4 Kh8 12.h4 c5 13.Be3 Ng8 14.Ng2 Bd7 15.a3 Qc8 16.Bf2 fxg4
17.fxg4 Nh6 18.Ne3 Rf4 19.g5 Ng4 20.Nxg4 Bxg4 21.Bg3 Rxf1+ 22.Qxf1 Kg8 23.Qf2 Bxe2
24.Qxe2 Nc7 25.Kg2 h6 26.Rh1 h5 27.b4 b6 28.Rb1 Qa6 29.bxc5 bxc5 30.a4 Qa5
31.Be1 Qa6 32.Bd2 Qc8 33.Nb5 Nxb5 34.cxb5 Bf8 35.Rf1 Bg7 36.Rb1 Rb8 37.a5 Qd7
38.b6 axb6 39.Rxb6 Ra8 40.Be1 Bf8  1-0

[Event "Oberliga Nord N9394"]
[Site "Germany"]
[Date "1994.??.??"]
[Round "?"]
[White "Buhr, Carl Christian"]
[Black "Sieg, Ulrich"]
[Result "1/2-1/2"]
[WhiteElo "2185"]
[BlackElo "2330"]

1.d4 Nf6 2.c4 g6 3.Nc3 Bg7 4.e4 d6 5.Nf3 O-O 6.Be2 e5 7.O-O Nc6 8.d5 Ne7
9.b4 a5 10.Ba3 axb4 11.Bxb4 b6 12.a4 Ne8 13.Nb5 f5 14.a5 bxa5 15.Rxa5 Rxa5
16.Bxa5 Bh6 17.c5 fxe4 18.cxd6 exf3 19.dxe7 Qxe7 20.Bxf3 e4 21.Be2 e3 22.fxe3 Bxe3+
23.Kh1 Rxf1+ 24.Bxf1 Bc5 25.Qc1 Bf5 26.Qf4 Qe4 27.Qxe4 Bxe4 28.Nxc7  1/2-1/2

[Event "NRW-Liga II 9394"]
[Site "Germany"]
[Date "1994.??.??"]
[Round "?"]
[White "Beilfuss, Wilfried"]
[Black "Walter, Karel"]
[Result "1-0"]
[WhiteElo "2265"]
[BlackElo "2105"]

1.c4 g6 2.e4 Bg7 3.d4 d6 4.Nc3 Nf6 5.Nf3 O-O 6.Be2 e5 7.O-O Nc6 8.d5 Ne7
9.Bg5 h6 10.Bxf6 Bxf6 11.b4 Bg7 12.c5 f5 13.Nd2 Kh7 14.Rc1 a6 15.cxd6 cxd6
16.Nc4 Bf6 17.a4 Bg5 18.Rb1 b6 19.Bd3 Ra7 20.Qe2 fxe4 21.Bxe4 Nf5 22.Qd3 Raf7
23.g3 Kg7 24.Rb2 Nd4 25.f4 Qf6 26.Bg2 exf4 27.Ne4 Bf5 28.gxf4 Bh4 29.Re2 Bxe4
30.Bxe4 b5 31.Na3 Nf5 32.axb5 axb5 33.Nxb5 Qd8 34.Bxf5 gxf5 35.Nd4 Kh7 36.Kh1 Qf6
37.Rg2 Re8 38.Ne6 Rc8 39.Rfg1 Rc3 40.Qa6 h5 41.Qa8  1-0

[Event "NRW-Liga I 9394"]
[Site "Germany"]
[Date "1994.??.??"]
[Round "?"]
[White "Wehmeier, Stefan"]
[Black "Belov, Igor"]
[Result "1/2-1/2"]
[WhiteElo "2290"]
[BlackElo "2450"]

1.d4 Nf6 2.c4 g6 3.Nc3 Bg7 4.e4 d6 5.Nf3 O-O 6.Be2 e5 7.O-O Nc6 8.d5 Ne7
9.Be3 Ng4 10.Bg5 h6 11.Bh4 g5 12.Bg3 f5 13.exf5 Nf6 14.c5 Bxf5 15.Qb3 Ng6
16.Qxb7 Rb8 17.Qxa7 Rxb2 18.Bc4 Ne8 19.Qa3 Rb8 20.Nb5 h5 21.h3 h4 22.Bh2 g4
23.hxg4 Bxg4 24.Nd2 Nf4 25.Rae1 Qg5 26.Ne4 Qg6 27.Bxf4 Rxf4 28.f3 Bxf3 29.Rxf3 Rxe4
30.Rxe4 Qxe4 31.Qd3 Qxd3 32.Rxd3 Ra8 33.Ra3 Rxa3 34.Nxa3 e4 35.Nb5 Kf8 36.c6 Ke7
37.Kf2 Bh6 38.Ke2 Kd8 39.a4 Kc8 40.a5 Kb8 41.Nc3 Nf6 42.Bb3 Bf4 43.Nb5 Nh5
44.a6 Ng3+ 45.Kf2 Bd2 46.a7+ Ka8 47.Nxc7+ Kxa7 48.Bc4 Nf5 49.Ne8 Bf4 50.Nf6 e3+  1/2-1/2

[Event "NRW-Liga I 9394"]
[Site "Germany"]
[Date "1994.??.??"]
[Round "?"]
[White "Odendahl, Reiner"]
[Black "Matthaei, Alexander"]
[Result "1/2-1/2"]
[WhiteElo "2295"]
[BlackElo "2295"]

1.Nf3 Nf6 2.c4 d6 3.d4 g6 4.Nc3 Bg7 5.e4 O-O 6.Be2 e5 7.O-O Nc6 8.d5 Ne7
9.Bg5 h6 10.Bxf6 Bxf6 11.b4 Bg7 12.c5 f5 13.Nd2 Kh8 14.Nc4 Ng8 15.Rc1 Nf6
16.Bd3 f4 17.Be2 g5 18.g4 fxg3 19.fxg3 Bh3 20.Rf2 dxc5 21.b5 Nd7 22.Rxf8+ Bxf8
23.Bf1 Bxf1 24.Qxf1 Bd6 25.Qh3 Kg7 26.Ne3 Kg6 27.Qe6+ Nf6 28.Ng4 Qe7 29.Nxe5+ Kg7
30.Qxe7+ Bxe7 31.Nc4 Nd7 32.e5 Rf8 33.Kg2 Rf5 34.d6 cxd6 35.exd6 Bf6 36.Nd1 Bd4
37.Nde3 Rf6 38.g4 Re6 39.Nf5+ Kg6 40.Kf3 Nf6 41.Nd2 Nd7 42.Nc4 Nf6 43.h3 Re4
44.Ne7+ Kf7 45.Nd5 Re6 46.Nc7 Re4 47.Nd5 Re6 48.Nc7 Re4 49.Rc2 Re1 50.Re2 Rxe2
51.Kxe2 Ne4 52.Kf3 Nf6 53.Na5 Be5 54.Nxb7 c4 55.Ke3 c3 56.Kd3 Ne4 57.Nd8+ Kg6
58.Nc6 Nf2+ 59.Kc2 Bxd6 60.Nd5 Bc5 61.a4 Nxh3 62.a5 Nf4 63.Nxc3 h5 64.gxh5+ Kxh5
65.Ne4 Be3 66.Kb3 g4 67.Kc4 Ne6 68.Nb4 Kh4 69.Nd5 Bg1 70.a6 g3 71.Nxg3 Kxg3
72.b6 Bxb6 73.Nxb6 Nc7  1/2-1/2

[Event "Oberliga Nord O9495"]
[Site "Germany"]
[Date "1994.??.??"]
[Round "?"]
[White "Heuer, Thomas"]
[Black "Schoene, Ralf"]
[Result "0-1"]
[WhiteElo "2305"]
[BlackElo "2360"]

1.Nf3 Nf6 2.c4 g6 3.Nc3 Bg7 4.e4 d6 5.d4 O-O 6.Be2 e5 7.O-O Nc6 8.Be3 Ng4
9.Bg5 f6 10.Bc1 Nh6 11.dxe5 dxe5 12.Qd5+ Nf7 13.Be3 Bg4 14.Rfd1 Qc8 15.Rac1 Rd8
16.Qb5 Bxf3 17.Rxd8+ Qxd8 18.Bxf3 Rb8 19.Rd1 Nd4 20.Bxd4 exd4 21.Qc5 d3 22.Qe3 Ne5
23.b3 c6 24.Qxa7 f5 25.exf5 Nxf3+ 26.gxf3 Bd4 27.c5 Bxc3 28.Rxd3 Qg5+ 29.Kf1 Be5
30.fxg6 Qxg6 31.Rd7 Qb1+ 32.Kg2 Kh8 33.Qxb8+ Bxb8 34.Rd8+ Kg7 35.Rxb8 Qg6+
36.Kf1 Qf7 37.Kg2 Kf6 38.b4 Ke5 39.a3 Kf4 40.Rd8 Qg6+ 41.Kf1 Kxf3 42.Rf8+ Ke4
43.h3 Qh5 44.Kg2 Qg5+  0-1

[Event "BL2-W9394"]
[Site "Germany"]
[Date "1994.??.??"]
[Round "?"]
[White "Wehbe, Ricardo"]
[Black "Matthaei, Alexander"]
[Result "1/2-1/2"]
[WhiteElo "2255"]
[BlackElo "2295"]

1.d4 Nf6 2.c4 g6 3.Nc3 Bg7 4.e4 d6 5.Nf3 O-O 6.Be2 e5 7.O-O Nc6 8.d5 Ne7
9.Ne1 Nd7 10.Be3 f5 11.f3 f4 12.Bf2 g5 13.Nd3 Nf6 14.c5 Ng6 15.a4 Rf7 16.Nb5 g4
17.fxg4 Nxe4 18.Rc1 Ng5 19.h4 f3 20.Bxf3 Nxf3+ 21.gxf3 e4 22.fxe4 Nxh4 23.Bg3 Rxf1+
24.Qxf1 Bxg4 25.Qf4 h5 26.cxd6 cxd6 27.Rc7 Nf3+ 28.Kg2 Qf6 29.Qxf6 Bxf6 30.Nxd6 h4
31.Rf7 Rf8 32.Rxf8+ Kxf8 33.Bf4 h3+ 34.Kg3 h2 35.Kg2 Bh3+ 36.Kh1 Bf1 37.Nc5 Bxb2
38.Ndxb7 Bh3 39.Nd3 Bd4 40.Bxh2 Ng5 41.Bd6+ Ke8 42.Kh2 Bf1 43.Ndc5 Bf2 44.Bb8 a6
45.Bf4 Nf3+ 46.Kh1 Nh4 47.d6 Bh3 48.Kh2 Bc8 49.e5 Ng6 50.e6 Bxc5 51.d7+ Bxd7
52.exd7+ Kxd7 53.Nxc5+ Kc6 54.Be3 Ne5 55.Kg3 Nc4 56.Bf2 Nb2 57.Bd4 Kd5  1/2-1/2

[Event "Giessen op"]
[Site "Giessen"]
[Date "1994.??.??"]
[Round "2"]
[White "Karpman, Vadim"]
[Black "Potterat, Marc"]
[Result "1-0"]
[WhiteElo "2425"]
[BlackElo "2180"]

1.d4 Nf6 2.c4 g6 3.Nc3 Bg7 4.e4 d6 5.Nf3 O-O 6.Be2 e5 7.O-O Nc6 8.d5 Ne7
9.b4 a5 10.Ba3 axb4 11.Bxb4 Nd7 12.a4 h6 13.Nd2 f5 14.a5 Rf7 15.f3 h5 16.Nb3 Bh6
17.Qd3 Kh8 18.c5 Nf6 19.cxd6 cxd6 20.Na4 h4 21.Nb6 Ra6 22.Nxc8 Nxc8 23.exf5 Nh5
24.fxg6 Nf4 25.gxf7 Qg5 26.Rf2 Nxd3 27.Bxd3 Ra8 28.f4 Qg7 29.Bf5 Qxf7 30.Be6 Qg7
31.Rc1 Na7 32.Bxd6 Bxf4 33.Re1 Qg5 34.Rfe2 Nb5 35.Bxe5+ Bxe5 36.Rxe5 Qe7
37.R1e4  1-0

[Event "Giessen Feb-IM"]
[Site "Giessen"]
[Date "1994.??.??"]
[Round "4"]
[White "Schwarz, Peter"]
[Black "Mohandesi, Shahin"]
[Result "1/2-1/2"]
[WhiteElo "2300"]
[BlackElo "2305"]

1.d4 Nf6 2.c4 g6 3.Nc3 Bg7 4.e4 d6 5.Nf3 O-O 6.Be2 e5 7.O-O Nc6 8.d5 Ne7
9.Ne1 Nd7 10.Nd3 f5 11.Bd2 Nf6 12.f3 Kh8 13.Rc1 Neg8 14.c5 Bh6 15.Bxh6 Nxh6
16.Qd2 Nf7 17.cxd6 cxd6 18.Nf2 f4 19.Nb5 Ne8 20.a4 Bd7 21.a5 Bxb5 22.Bxb5 a6
23.Bxe8 Rxe8 24.Rc4 Qd7 25.Rfc1 Rac8 26.Qc3 Rxc4 27.Qxc4 Kg7 28.Nd3 g5 29.h3 h5
30.Qc3 Re7 31.Nf2  1/2-1/2

[Event "Giessen Feb-IM"]
[Site "Giessen"]
[Date "1994.??.??"]
[Round "10"]
[White "Mohandesi, Shahin"]
[Black "Matthaei, Alexander"]
[Result "1-0"]
[WhiteElo "2305"]
[BlackElo "2295"]

1.d4 Nf6 2.c4 g6 3.Nc3 Bg7 4.e4 d6 5.Nf3 O-O 6.Be2 e5 7.O-O Nc6 8.d5 Ne7
9.Ne1 Nd7 10.a4 f5 11.a5 Nf6 12.f3 f4 13.g4 g5 14.Nd3 h5 15.h3 Kf7 16.Bd2 Rh8
17.Kg2 Ng6 18.Be1 Qg8 19.Rh1 Qh7 20.Bf2 hxg4 21.hxg4 Nh4+ 22.Bxh4 gxh4 23.Nf2 Qg6
24.Kf1 h3 25.Rxh3 Rxh3 26.Nxh3 Bd7 27.Ke1 Rh8 28.Nf2 Rh2 29.Qb3 Qh6 30.Ncd1 Ne8
31.Qxb7 Bf6 32.Qxa7 Bh4 33.Kd2 Bg3 34.a6 Qh4 35.Nd3 Bxg4 36.fxg4 f3 37.Nc3 fxe2
38.Nxe2 Qxg4 39.Rf1+ Nf6 40.Qe3 Ke7 41.Qf3 Nxe4+ 42.Kd1 Qxf3 43.Rxf3 Rh1+
44.Kc2 Bh4 45.a7 Ra1 46.Nb4 Bf2 47.Nc6+ Ke8 48.Ra3  1-0

[Event "Goch op"]
[Site "Goch"]
[Date "1994.??.??"]
[Round "1"]
[White "Kleff, Andre"]
[Black "Spelmans, T."]
[Result "1-0"]
[WhiteElo "2170"]
[BlackElo "1730"]

1.c4 Nf6 2.Nc3 g6 3.e4 d6 4.d4 Bg7 5.Nf3 O-O 6.Be2 e5 7.O-O Nc6 8.d5 Ne7
9.Nd2 a5 10.a3 Nd7 11.Rb1 f5 12.b4 Nf6 13.f3 Kh8 14.Qc2 axb4 15.axb4 c6 16.Rb3 f4
17.Rd1 g5 18.Bb2 h5 19.dxc6 bxc6 20.c5 dxc5 21.Nc4 Qe8 22.b5 Be6 23.b6 Rb8
24.Na4 Nd7 25.Ba3 Nc8 26.b7 Ne7 27.Nxc5 Nxc5 28.Bxc5 Rg8 29.Nd6 Qg6 30.Ba7 Bxb3
31.Qxb3 g4 32.Bxb8 Rxb8 33.Nf7+ Kh7 34.Rd8 g3 35.h3 Rxd8 36.Nxd8 Qd6 37.b8=Q Qd4+
38.Kh1 Qf2  1-0

[Event "Goch op"]
[Site "Goch"]
[Date "1994.??.??"]
[Round "6"]
[White "Kistella, Roman"]
[Black "Van Nieuwenborg, A."]
[Result "1-0"]
[WhiteElo "2310"]
[BlackElo "1990"]

1.d4 Nf6 2.c4 g6 3.Nc3 Bg7 4.e4 d6 5.Be2 O-O 6.Nf3 e5 7.O-O Nc6 8.d5 Ne7
9.Nd2 a5 10.Rb1 Nd7 11.a3 f5 12.b4 Kh8 13.Qc2 Ng8 14.f3 Ngf6 15.Bd3 f4 16.Nb5 Ne8
17.c5 axb4 18.axb4 Ndf6 19.Bb2 g5 20.Ra1 Rxa1 21.Rxa1 Bd7 22.c6 bxc6 23.dxc6 Be6
24.Bc4 Bxc4 25.Nxc4 g4 26.Nc3 gxf3 27.gxf3 Bh6 28.Kh1 Nh5 29.Qf2 Qg5 30.Rg1 Ng3+
31.hxg3 Qh5+ 32.Kg2 fxg3 33.Qe2 Qh2+ 34.Kf1 Ng7 35.Qxh2 gxh2 36.Rh1 Rxf3+
37.Kg2 Rf6 38.Rxh2 Ne6 39.Nd5 Rf7 40.Rxh6  1-0

[Event "Graz-ch"]
[Site "Graz"]
[Date "1994.??.??"]
[Round "1"]
[White "Baumegger, Siegfried"]
[Black "Klapsch, J."]
[Result "1-0"]
[WhiteElo "2095"]
[BlackElo "1925"]

1.d4 Nf6 2.c4 g6 3.Nc3 Bg7 4.e4 d6 5.Nf3 O-O 6.Be2 e5 7.O-O Nc6 8.d5 Ne7
9.Nd2 Nd7 10.b4 f5 11.c5 Nf6 12.f3 f4 13.Nc4 g5 14.Ba3 Ng6 15.b5 Ne8 16.b6 axb6
17.cxb6 Rf7 18.bxc7 Rxc7 19.Nb5 Rd7 20.Qe1 Bf8 21.Bb4 Rg7 22.Ba5 Qf6 23.Nb6 Rb8
24.Rc1 Bd7 25.Qb4 g4 26.Nxd7 Rxd7 27.Nc7 b6 28.Nxe8 Rxe8 29.Qxb6 Rg7 30.fxg4 f3
31.Bxf3 Nf4 32.Rc7 Be7 33.Qc6 Rf8 34.Rc8 Rf7 35.Rxf8+ Bxf8 36.Bd2 h5 37.Bxf4 Qxf4
38.Qc8 Qe3+ 39.Kh1 Qxe4 40.Qe6 Qh7 41.Be4 Qg7 42.Bg6  1-0

[Event "Graz op"]
[Site "Graz"]
[Date "1994.??.??"]
[Round "5"]
[White "Tratar, Marko"]
[Black "Markowski, Tomasz"]
[Result "1/2-1/2"]
[WhiteElo "2365"]
[BlackElo "2475"]

1.d4 Nf6 2.Nf3 g6 3.c4 Bg7 4.Nc3 O-O 5.e4 d6 6.Be2 e5 7.O-O Nc6 8.d5 Ne7
9.Nd2 a5 10.a3 Bd7 11.b3 c6 12.Bb2 c5 13.Qc2 Ne8 14.Nb5 Bh6 15.Bc3 f5  1/2-1/2

[Event "Graz op"]
[Site "Graz"]
[Date "1994.??.??"]
[Round "8"]
[White "Wittmann, Walter"]
[Black "Vodep, Otto"]
[Result "1/2-1/2"]
[WhiteElo "2390"]
[BlackElo "2205"]

1.d4 Nf6 2.c4 g6 3.Nc3 Bg7 4.e4 d6 5.Nf3 O-O 6.Be2 e5 7.O-O Nc6 8.d5 Ne7
9.Ne1 Nd7 10.f3 f5 11.Be3 f4 12.Bf2  1/2-1/2

[Event "Groningen op"]
[Site "Groningen"]
[Date "1994.??.??"]
[Round "1"]
[White "Notkin, Maksim"]
[Black "Dirr, Ulrich"]
[Result "1-0"]
[WhiteElo "2465"]
[BlackElo "2275"]

1.d4 Nf6 2.c4 g6 3.Nc3 Bg7 4.e4 d6 5.Nf3 O-O 6.Be2 e5 7.O-O Nc6 8.d5 Ne7
9.Nd2 a5 10.a3 Bd7 11.b3 c5 12.Rb1 Ne8 13.b4 axb4 14.axb4 b6 15.bxc5 bxc5
16.Nb3 Nc8 17.Bd2 f5 18.Qc2 Qh4 19.Qc1 f4 20.f3 g5 21.Qe1 Qh5 22.h3 Rf6 23.Qf2 Qf7
24.Ra1 Rb8 25.Rfb1 h5 26.Na5 Rxb1+ 27.Rxb1 g4 28.hxg4 hxg4 29.fxg4 Bh6 30.Rb7 Bg5
31.Bf3 Rh6 32.Be1 Qh7 33.Kf1 Rh1+ 34.Ke2 Bh4 35.Qxh4 Rxh4 36.Bxh4 Qxh4 37.Rxd7 Ne7
38.Nc6 Ng6 39.Rd8 Kf7 40.Nb5 Qg3 41.Rd7+ Kf8 42.Rd8 Kf7 43.Rd7+ Kf8 44.Nd8 Qh2
45.Ne6+ Kg8 46.Rd8 Kf7 47.g5 Qg1 48.Kd2 Qf2+ 49.Kc3 Qe1+ 50.Kc2 Qf2+ 51.Kb3 Qe1
52.Nc3 Qh4 53.Nb5 Qe1 54.Nc3 Qh4 55.Rd7+ Kg8 56.Rb7 Nf8 57.Rb8 Nxe6 58.dxe6 Kf8
59.Nd5 Qh1 60.Rxe8+ Kxe8 61.Bh5+  1-0

[Event "Groningen op"]
[Site "Groningen"]
[Date "1994.??.??"]
[Round "5"]
[White "Pliester, Leon"]
[Black "Dirr, Ulrich"]
[Result "1-0"]
[WhiteElo "2380"]
[BlackElo "2275"]

1.d4 Nf6 2.c4 g6 3.Nc3 Bg7 4.e4 d6 5.Be2 O-O 6.Nf3 e5 7.O-O Nc6 8.d5 Ne7
9.Ne1 Nd7 10.Nd3 f5 11.f3 f4 12.g4 Bf6 13.Bd2 h5 14.h3 Bh4 15.Kg2 Kg7 16.Rh1 g5
17.Rc1 hxg4 18.hxg4 Ng6 19.c5 Nf6 20.cxd6 cxd6 21.Nb5 Ne8 22.Qc2 Rf7 23.a4 Bd7
24.Nc7 Nxc7 25.Qxc7 Bxa4 26.Qxd8 Rxd8 27.Ra1 Bb5 28.Rxa7 Bg3 29.Nxe5 Bxe2
30.Nxf7 Nh4+ 31.Rxh4 gxh4 32.Ng5 Rc8 33.Bxf4 Rc2 34.Bxg3 Ba6+ 35.Bf2 Kg6
36.Nh3 Rxb2 37.Ra8 Rb1 38.Bxh4 Bf1+ 39.Kg3 Rb3  1-0

[Event "Groningen op"]
[Site "Groningen"]
[Date "1994.??.??"]
[Round "6"]
[White "Brenninkmeijer, Joris"]
[Black "Onoprienko, Konstantin"]
[Result "1-0"]
[WhiteElo "2490"]
[BlackElo "2370"]

1.d4 Nf6 2.c4 g6 3.Nc3 Bg7 4.e4 O-O 5.Nf3 d6 6.Be2 e5 7.O-O Nc6 8.d5 Ne7
9.Ne1 Ne8 10.Be3 f5 11.f3 f4 12.Bf2 h5 13.b4 a5 14.bxa5 Rxa5 15.Nd3 b6 16.Nb5 g5
17.Be1 Ra8 18.a4 Ng6 19.a5 Bh6 20.axb6 Rxa1 21.Qxa1 cxb6 22.Qa8 Nc7 23.Nxc7 Qxc7
24.Qc6 Qxc6 25.dxc6 Ne7 26.Nb4 Be6 27.Bf2 Rc8 28.Rd1 Kf7 29.Rxd6 Bf8 30.Bxb6 Ra8
31.Rd7 Ra1+ 32.Kf2 Rb1 33.Bc5 Ke8 34.Rd6 Kf7 35.Rd8 Rb2 36.Nd5 g4 37.Rxf8+ Kxf8
38.Bxe7+ Kf7 39.Bh4 Bc8 40.c7 Ba6 41.Ne7 g3+ 42.hxg3 fxg3+ 43.Ke3 Rb3+ 44.Kd2 Rb2+
45.Kd3  1-0

[Event "Groningen op"]
[Site "Groningen"]
[Date "1994.??.??"]
[Round "7"]
[White "Van Laatum, Gozewijn"]
[Black "Onoprienko, Vladimir"]
[Result "0-1"]
[WhiteElo "2410"]
[BlackElo "2315"]

1.d4 Nf6 2.c4 g6 3.Nc3 Bg7 4.e4 O-O 5.Nf3 d6 6.Be2 e5 7.O-O Nc6 8.d5 Ne7
9.Nd2 a5 10.a3 c6 11.Qc2 b5 12.dxc6 bxc4 13.Qa4 Qc7 14.Nxc4 Ba6 15.Bg5 Qxc6
16.Qxc6 Nxc6 17.Nxd6 Bxe2 18.Nxe2 Rab8 19.Rab1 Rfd8 20.Nc4 h6 21.Bxf6 Bxf6
22.Nc3 Rd4 23.Ne3 Bg5 24.Ncd5 Ne7 25.Nxe7+ Bxe7 26.Nd5 Bg5 27.Rfe1 Rb3 28.Re2 Rc4
29.g3 Rc1+ 30.Rxc1 Bxc1 31.Rc2 Bxb2 32.a4 Bd4 33.Rc8+ Kg7 34.Ra8 Rb1+ 35.Kg2 Rb2
36.Rxa5 Rxf2+ 37.Kh3 h5 38.Rb5 Ra2 39.a5 Bg1 40.g4 Rxh2+ 41.Kg3 h4+ 42.Kf3 Rf2+  0-1

[Event "Haarlem AKN"]
[Site "Haarlem"]
[Date "1994.??.??"]
[Round "2"]
[White "Lalic, Bogdan"]
[Black "Van Schaardenburg, Mark"]
[Result "1-0"]
[WhiteElo "2520"]
[BlackElo "2285"]

1.c4 Nf6 2.Nf3 g6 3.Nc3 Bg7 4.e4 O-O 5.d4 d6 6.Be2 e5 7.O-O Nc6 8.d5 Ne7
9.Nd2 Nd7 10.b4 a5 11.bxa5 Rxa5 12.a4 f5 13.Ba3 fxe4 14.Ndxe4 Nf5 15.Bb4 Ra8
16.c5 dxc5 17.Nxc5 Nxc5 18.Bxc5 Nd6 19.a5 Qg5 20.Be3 Qe7 21.Nb5 Nxb5 22.Bxb5 e4
23.Ra4 Be5 24.Qb1 Bf5 25.Rc1 Bd6 26.g3 h5 27.Bf1 Rfe8 28.Rcc4 Kh7 29.Bg2 Qd7
30.Ra2 Qe7 31.h4 Qf7 32.Rd4 Rad8 33.Rdd2 Rb8 34.Ra4 Qd7 35.Qb3 Re7 36.Rda2 Qe8
37.Rb2 c6 38.dxc6 Qxc6 39.Rc4 Qd5 40.Rc7 Qxb3 41.Rxe7+ Bxe7 42.Rxb3 Be6 43.Rb1 Bd5
44.a6 Ra8 45.a7 Kg7 46.Rb5 Bc6 47.Re5 Bf6 48.Rxe4 Bd8 49.Bd4+ Kf7 50.Rf4+ Ke8
51.Bxc6+ bxc6 52.Bc5  1-0

[Event "Haarlem AKN"]
[Site "Haarlem"]
[Date "1994.??.??"]
[Round "4"]
[White "Reinderman, Dimitri"]
[Black "Van Schaardenburg, Mark"]
[Result "1-0"]
[WhiteElo "2430"]
[BlackElo "2285"]

1.c4 Nf6 2.Nc3 g6 3.e4 d6 4.d4 Bg7 5.Nf3 O-O 6.Be2 e5 7.O-O Nc6 8.d5 Ne7
9.Ne1 Nd7 10.f3 f5 11.Be3 f4 12.Bf2 g5 13.a4 h5 14.a5 Rf6 15.Nb5 a6 16.Na7 Rg6
17.Nxc8 Nxc8 18.Kh1 Nf6 19.Nd3 Bf8 20.b4 Qd7 21.Qc2 Rg7 22.c5 Ne7 23.Qa4 Ng6
24.Qxd7 Rxd7 25.Rfc1 Rg7 26.c6 bxc6 27.Rxc6 Ne8 28.b5 axb5 29.a6 Ne7 30.Nb4 Nxc6
31.Nxc6 Nf6 32.Bxb5 Nd7 33.a7 Nb6 34.Ba6 Re8 35.Bb7  1-0

[Event "Hamburg-chJ1"]
[Site "Hamburg"]
[Date "1994.??.??"]
[Round "?"]
[White "Buhr, Carl Christian"]
[Black "Trisic, Alexandar"]
[Result "1/2-1/2"]
[WhiteElo "2185"]
[BlackElo "2185"]

1.d4 Nf6 2.c4 g6 3.Nc3 Bg7 4.e4 d6 5.Nf3 O-O 6.Be2 e5 7.O-O Nc6 8.d5 Ne7
9.b4 Nh5 10.c5 h6 11.Nd2 Nf4 12.Nc4 f5 13.f3 g5 14.g3 Nxe2+ 15.Qxe2 fxe4
16.fxe4 Rxf1+ 17.Qxf1 Bd7 18.Be3 Be8 19.Qf2 b6 20.a4 Kh8 21.a5 b5 22.Nd2 a6
23.Rc1 Bg6 24.Nd1 Qd7 25.Qe1 Ng8 26.Rc3 c6 27.dxc6 Qxc6 28.cxd6 Qxd6 29.Bc5 Qe6
30.Rd3 Bf8 31.Qf2 Kg7 32.Nc3 Nf6 33.Bxf8+ Rxf8 34.Qb6 Qc8 35.Qd6 Re8 36.Qb6 Rf8
37.Qd6 Re8 38.Qb6 Rf8  1/2-1/2

[Event "Harkany op"]
[Site "Harkany"]
[Date "1994.??.??"]
[Round "2"]
[White "Wells, Peter K"]
[Black "Portisch, Ferenc"]
[Result "1-0"]
[WhiteElo "2490"]
[BlackElo "2375"]

1.d4 Nf6 2.Nf3 g6 3.c4 Bg7 4.Nc3 O-O 5.e4 d6 6.Be2 e5 7.O-O Nc6 8.d5 Ne7
9.Ne1 Nd7 10.Be3 f5 11.f3 f4 12.Bf2 h5 13.a4 Nf6 14.c5 g5 15.a5 Ne8 16.Nb5 a6
17.cxd6 Nxd6 18.Nxd6 cxd6 19.Nd3 Qe8 20.Rc1 Qg6 21.Rc7 Bf6 22.Nc5 g4 23.Nxb7 g3
24.Bc5 Qg5 25.h3 Qh4 26.Rxc8 Nxc8 27.Bxd6 Nxd6 28.Nxd6 Be7 29.Nf5 Bc5+ 30.Kh1 Qd8
31.d6 Rxf5 32.Qd5+ Kg7 33.exf5 Bxd6 34.Rd1 Bc7 35.Qe6  1-0